Normal view
MARC view
- Rissinger, Matt.
Entry Personal Name
001 - CONTROL NUMBER
- control field: 14156
003 - CONTROL NUMBER IDENTIFIER
- control field: NUST
005 - DATE AND TIME OF LATEST TRANSACTION
- control field: 20190424110208.0
008 - FIXED-LENGTH DATA ELEMENTS
- fixed length control field: 190424|| aca||aabn | a|a d
040 ## - CATALOGING SOURCE
- Original cataloging agency: NUST
- Transcribing agency: NUST
100 ## - HEADING--PERSONAL NAME
- Personal name: Rissinger, Matt.
670 ## - SOURCE DATA FOUND
- Source citation: Work cat.: (NUST)0: Rissinger, Matt., Biggest joke book in the world /, 1995.
